000 00458nam a2200169Ia 4500
008 151213s9999 xx 000 0 und d
020 _a978-0-07110113-4
100 _aGarrison / Noreen / Prower
245 _aManagerial Accountring
_cGarrison / Noreen / Prower
250 _a12th
260 _aNew York
_bMac Graw Hill
_c2008
300 _a4682 p.
650 _aAccounting
650 _aAccounting
700 _aGarrison / Noreen / Prower
999 _c3004
_d3004